00205nam a2200085Ia 4500008004100000100001700041245003100058260002100089260000900110170620s9999 xx 000 0 und d aMishra S. N. 0aCode of Criminal Procedure bCentral Law Pub. c2001